export_success — 

Frauenkarriere im Management : Einstiegsbarrieren und Diskriminierungsmechanismen /

Disimpan dalam:
Butiran Bibliografi
Pengarang Utama: Veith, Monika.
Format: Buku
Bahasa:German
Diterbitkan: Frankfurt/Main ; New York : Campus, c1988.
Siri:Campus Forschung ; Bd. 586
Subjek-subjek:
Penanda-penanda: Tambah Penanda
Tiada Penanda, Jadilah orang pertama menanda rekod ini!
LEADER 00918nam a2200277 a 4500
001 001596404-3
005 20020606090541.3
008 890606s1988 gw a b 00010 ger
010 |a  89149268  
020 |a 3593339838 
035 0 |a ocm20015152 
040 |a DLC  |c DLC  |d HLS 
050 0 |a HD6054.3  |b .V45 1988 
100 1 |a Veith, Monika. 
245 1 0 |a Frauenkarriere im Management :  |b Einstiegsbarrieren und Diskriminierungsmechanismen /  |c Monika Veith. 
260 0 |a Frankfurt/Main ;  |a New York :  |b Campus,  |c c1988. 
300 |a 228 p. :  |b 10 ill. ;  |c 21 cm. 
490 0 |a Campus Forschung ;  |v Bd. 586 
500 |a Revision of thesis (doctoral)--Wirtschaftsuniversität Wien, 1987. 
504 |a Bibliography: p. 224-228. 
650 0 |a Women executives. 
650 0 |a Women middle managers. 
650 0 |a Discrimination in employment. 
650 0 |a Sex discrimination against women. 
988 |a 20020608 
906 |0 DLC